| 000 | 00385nam a22001337a 4500 | ||
|---|---|---|---|
| 020 | _a9787508538761 | ||
| 082 |
_a808.02 _bCHA 2019 |
||
| 100 | _aLi Chaoquan | ||
| 245 |
_aJin Xing'an and the first farmers' book house _cLi Chaoquan |
||
| 260 |
_aBeijing _bChina Intercontinental press |
||
| 300 | _a189p | ||
| 942 |
_2ddc _cBK |
||
| 999 |
_c588442 _d588442 |
||